000 01936nam0a2200349 4500
001 RU\NLR\bibl\836846
005 20250614143735.0
010 _a5-93035-122-8
_9210
021 _aRU
_b2005-44454
_92187
021 _aRU
_b2005-45480
_92235
035 _a(NLR Aleph) 000825684
090 _a1329033
_c1329033
100 _a20050905d2005 |||y0rusy50 ca
101 0 _arus
_aeng
102 _aRU
105 _aa |||||||||
200 1 _aАнглийский язык
_eучебно-методическое пособие по развитию навыков чтения юридической литературы
_eдля образовательных учреждений уголовно-исполнительной системы Министерства юстиции Российской Федерации
_fА. В. Подстрахова, к. филол. н., проф. Е. Г. Шубникова
_gМ-во юстиции Рос. Федерации, гос. образоват. учреждение высш. проф. образования "Владим. юрид. ин-т М-ва юстиции Рос. Федерации", Каф. иностр. яз.
205 _aИзд. 2-е, испр.
210 _aВладимир
_cВладимирский юридический институт
_d2005
215 _a238 с.
_cил.
_d20
320 _aБиблиогр.: с. 233-234
606 0 _aАнглийский язык
_jУчебные издания для высших учебных заведений
_9972309
_3RU\NLR\auth\6646032
686 _aШ143.21-93рус329.4
700 1 _aПодстрахова
_bА. В.
_gАнна Владимировна
_4070
701 1 _aШубникова
_bЕ. Г.
_gЕлена Георгиевна
_4070
801 0 _aRU
_bNLR
_c20040802
_gPSBO
801 1 _aRU
_bNLR
_c20040802
830 _aАвт. не раскр.
942 _cBOOK
980 _aNB